LIBRARY & INFORMATION CENTRE, KCAET, TAVANUR

ONLINE PUBLIC ACCESS CATALOGUE (OPAC)

Glimpses of Ancient India / (Record no. 3090)

MARC details
000 -LEADER
fixed length control field 00349cam a2200145ua 4500
041 ## - LANGUAGE CODE
Language code of text/sound track or separate title eng
082 ## - DEWEY DECIMAL CLASSIFICATION NUMBER
Classification number 954
Item number MUN/GL
100 ## - MAIN ENTRY--AUTHOR NAME
Personal name Munshi, K M .
245 ## - TITLE STATEMENT
Title Glimpses of Ancient India /
260 ## - PUBLICATION, DISTRIBUTION, ETC. (IMPRINT)
Place of publication :
Name of publisher Bhavan`sbook University ,
Year of publication 1953.
300 ## - PHYSICAL DESCRIPTION
Number of Pages 152 ; .
942 ## - ADDED ENTRY ELEMENTS (KOHA)
Koha item type Books
Holdings
Withdrawn status Lost status Damaged status Home library Current library Date acquired Full call number Accession Number Koha item type Public note
Withdrawn     KAUAET KAUAET 07/04/2012 954 MUN/GL 3379 Books Deleted
free website counter